| 000 | 00661nam a2200241Ia 4500 | ||
|---|---|---|---|
| 003 | OSt | ||
| 005 | 20221005090231.0 | ||
| 006 | a|||||r|||| 00| 0 | ||
| 007 | ta | ||
| 008 | 221004b |||||||| |||| 00| 0 eng d | ||
| 024 | _a103455 | ||
| 037 | _cTextual | ||
| 040 |
_aCRL _cCRL _beng |
||
| 041 |
_2eng _aeng |
||
| 082 | _aC9B1,4:7, L4 | ||
| 100 |
_aIncropera Frank P _9614997 |
||
| 245 | 0 | _aIntroduction to molecular structure and theermodynamics | |
| 260 |
_aNew York _bJohn Wiley and Sons _c1974 |
||
| 500 | _aDSK Collection | ||
| 650 | _aPHYSICS | ||
| 942 |
_hC9B1,4:7, L4 _cTEXL _2cc |
||
| 999 |
_c995386 _d995386 |
||